<?xml version="1.0" encoding="UTF-8"?>
<marc:record xmlns:marc="http://www.loc.gov/MARC21/slim">
   <marc:leader>00000nam a2200000 a 4500</marc:leader>
   <marc:datafield ind1="1" ind2=" " tag="100">
      <marc:subfield code="a">Matzl, Christoph</marc:subfield>
      <marc:subfield code="4">aut</marc:subfield>
      <marc:subfield code="e">Verfasser/-in</marc:subfield>
   </marc:datafield>
   <marc:datafield ind1="0" ind2="0" tag="245">
      <marc:subfield code="a">Karl von Habsburg</marc:subfield>
   </marc:datafield>
   <marc:datafield ind1="0" ind2="0" tag="245">
      <marc:subfield code="b">Kaiserenkel zwischen den Zeiten</marc:subfield>
   </marc:datafield>
   <marc:datafield ind1="0" ind2="0" tag="245">
      <marc:subfield code="c">Christoph Matzl</marc:subfield>
   </marc:datafield>
   <marc:datafield ind1=" " ind2="1" tag="264">
      <marc:subfield code="a">Wien</marc:subfield>
      <marc:subfield code="b">Ueberreuter</marc:subfield>
      <marc:subfield code="c">2020</marc:subfield>
   </marc:datafield>
   <marc:datafield ind1=" " ind2=" " tag="250">
      <marc:subfield code="a">1. Auflage</marc:subfield>
   </marc:datafield>
   <marc:datafield ind1="1" ind2=" " tag="520">
      <marc:subfield code="a">Als Grenzgänger zwischen der Welt des Adels und der globalen Weltpolitik erinnert sich Kaiserenkel Karl von Habsburg an prägende Momente seines Lebens. So erzählt er aus seiner Kindheit und Jugend, von beseelten Gesprächen mit Kaiserin Zita und philosophiert schmunzelnd darüber, was er als Kaiser alles verändern würde. Er gibt Einblicke in sein Privatleben und das turbulente Alltagsleben eines Kaiserenkels und Familienoberhaupt der Habsburger im 21. Jahrhundert. Eine Bilanz, reich bebildert mit exklusiven Schnappschüssen und Fotos aus dem privaten Familienalbum einer großen Dynastie.</marc:subfield>
   </marc:datafield>
   <marc:datafield ind1=" " ind2=" " tag="020">
      <marc:subfield code="a">9783800077618</marc:subfield>
      <marc:subfield code="9">9783800077618</marc:subfield>
   </marc:datafield>
   <marc:datafield ind1=" " ind2=" " tag="020">
      <marc:subfield code="a">3800077612</marc:subfield>
      <marc:subfield code="9">3800077612</marc:subfield>
   </marc:datafield>
   <marc:datafield ind1=" " ind2=" " tag="300">
      <marc:subfield code="a">176 Seiten</marc:subfield>
   </marc:datafield>
</marc:record>
